[Event "3rd Al Ain Chess Classic"]
[Site "Al-Ain UAE"]
[Date "2014.12.23"]
[Round "6.24"]
[White "Mammadov, Zaur"]
[Black "Kursova, Maria"]
[Result "1-0"]
[WhiteTitle "IM"]
[BlackTitle "WGM"]
[WhiteElo "2505"]
[BlackElo "2305"]
[WhiteFideId "13401033"]
[BlackFideId "4129709"]
[EventDate "2014.12.19"]

1. e4 c5 2. c3 Nf6 3. e5 Nd5 4. Nf3 Nc6 5. Bc4 Nb6 6. Bb3 c4 7. Bc2 Qc7 8. O-O
Nxe5 9. Nxe5 Qxe5 10. Re1 Qc7 11. d3 cxd3 12. Qxd3 e6 13. a4 Be7 14. Na3 a6 15.
Be3 Nd5 16. Bd4 f6 17. g3 b6 18. Qf3 Bb7 19. Qh5+ Kf8 20. Be4 f5 21. Bg2 Nf6 22.
Qe2 Bxg2 23. Kxg2 Kf7 24. Nc4 Rhb8 25. Rad1 Kg8 26. Kg1 b5 27. axb5 axb5 28. Ne5
Ra6 29. g4 fxg4 30. Nxg4 Rf8 31. Bxf6 Bxf6 32. Qxb5 Qf4 33. Qe2 Ra4 34. Ne3 Bh4
35. Rf1 Qg5+ 36. Ng2 h6 37. Rxd7 e5 38. Rd5 Qg6 39. f3 Bf6 40. Qd3 Qe8 41. Re1
Qa8 42. Qd1 Rb8 43. Rd2 Ra2 44. Qe2 Qa4 45. b4 Ra3 46. Rc2 Rc8 47. Rec1 Bg5 48.
f4 exf4 49. Qe6+ Kh7 50. Qxc8 1-0

[Event "3rd Al Ain Chess Classic"]
[Site "Al-Ain UAE"]
[Date "2014.12.23"]
[Round "6.25"]
[White "Puranik, Abhimanyu"]
[Black "Bajarani, Ulvi"]
[Result "1/2-1/2"]
[WhiteTitle "CM"]
[BlackTitle "GM"]
[WhiteElo "2255"]
[BlackElo "2494"]
[WhiteFideId "5061245"]
[BlackFideId "13403028"]
[EventDate "2014.12.19"]

1. e4 c5 2. Nf3 d6 3. d4 cxd4 4. Nxd4 Nf6 5. Nc3 a6 6. f4 e5 7. Nf3 Nbd7 8. Bd3
Be7 9. O-O O-O 10. a4 Nc5 11. Kh1 exf4 12. Bxf4 Bg4 13. Qd2 Rc8 14. Be3 Re8 15.
h3 Bh5 16. Nd4 Bg6 17. Nf5 Nh5 18. Rf3 Bxf5 19. exf5 d5 20. Bd4 Bg5 21. Qd1 Ne4
22. Ne2 Nhf6 23. c3 Qd6 24. Bxe4 dxe4 25. Rf1 Nd5 26. Qb3 Qc6 27. Rad1 Bf6 28.
Bxf6 Nxf6 29. Rd4 e3 30. Qb4 Rcd8 31. Rfd1 Rxd4 32. Qxd4 Qc8 33. Qf4 h6 34. Rd4
Qc5 35. Qf3 b5 36. b4 Qe5 37. a5 Ne4 38. Qxe3 Qxf5 39. Kh2 Nf6 40. Qf4 Qc8 41.
Qf3 Qc7+ 42. Qg3 Qe7 43. Nf4 Qc7 44. Nh5 Qxg3+ 45. Nxg3 Rc8 46. Rd6 Rxc3 47.
Rxa6 Rb3 48. Ra8+ Kh7 49. Rf8 Rxb4 50. Rxf7 Ra4 51. Ra7 Kg6 52. a6 Nd5 53. Rb7
Ra2 54. Nf1 Nf4 55. Ne3 Rxa6 56. Rxb5 Ra3 57. Nd5 Nxd5 1/2-1/2

[Event "3rd Al Ain Chess Classic"]
[Site "Al-Ain UAE"]
[Date "2014.12.23"]
[Round "6.26"]
[White "Andrenko, Irina"]
[Black "Shyam, Sundar M."]
[Result "0-1"]
[WhiteTitle "WIM"]
[BlackTitle "GM"]
[WhiteElo "2202"]
[BlackElo "2484"]
[WhiteFideId "14118270"]
[BlackFideId "5019141"]
[EventDate "2014.12.19"]

1. e4 e5 2. Nf3 Nc6 3. d4 exd4 4. Nxd4 Qf6 5. c3 Bc5 6. Be3 Nge7 7. Bc4 b6 8.
O-O Bb7 9. f4 O-O-O 10. Qd2 Qg6 11. Bd3 Bxd4 12. cxd4 f5 13. exf5 Nxf5 14. d5
Nce7 15. Be4 Bxd5 16. Bxd5 Nxe3 17. Qxe3 Nxd5 18. Qd2 Qe4 19. Nc3 Qe3+ 20. Qxe3
Nxe3 21. Rf3 Rhe8 22. Kf2 Ng4+ 23. Kg3 Nf6 24. Rd3 Ne4+ 25. Kf3 Nxc3 26. bxc3 d5
27. Rad1 c6 28. g4 Re4 29. f5 Rde8 30. R1d2 Kc7 31. h3 Kd6 32. Rb2 b5 33. Rbd2
a5 34. Kg3 Ke5 35. Kh4 Kf6 36. Rf2 h5 37. Rdf3 hxg4 38. hxg4 Rh8+ 39. Kg3 Kg5
40. Rf4 Rxf4 41. Rxf4 Rh3+ 42. Kxh3 Kxf4 0-1

[Event "3rd Al Ain Chess Classic"]
[Site "Al-Ain UAE"]
[Date "2014.12.23"]
[Round "6.27"]
[White "Sagar, Shah"]
[Black "Soozankar, A.M."]
[Result "1/2-1/2"]
[BlackTitle "FM"]
[WhiteElo "2468"]
[BlackElo "2183"]
[WhiteFideId "5022509"]
[BlackFideId "12503029"]
[EventDate "2014.12.19"]

1. c4 Nf6 2. Nc3 g6 3. g3 c5 4. Bg2 Bg7 5. e4 d6 6. Nge2 Nc6 7. O-O O-O 8. d3 a6
9. h3 Ne8 10. Be3 Nc7 11. d4 cxd4 12. Nxd4 Ne6 13. Nde2 Rb8 14. Qd2 b5 15. cxb5
axb5 16. Rac1 Ne5 17. b3 Nc5 18. Nd4 Bd7 19. Bh6 Ned3 20. Bxg7 Kxg7 21. Rc2 Nb4
22. Rcc1 Nbd3 23. Rc2 Nb4 24. Rcc1 1/2-1/2

[Event "3rd Al Ain Chess Classic"]
[Site "Al-Ain UAE"]
[Date "2014.12.23"]
[Round "6.28"]
[White "Berezina, Irina"]
[Black "Vishnu Prasanna, V"]
[Result "0-1"]
[WhiteTitle "IM"]
[BlackTitle "GM"]
[WhiteElo "2200"]
[BlackElo "2463"]
[WhiteFideId "3201937"]
[BlackFideId "5030692"]
[EventDate "2014.12.19"]

1. d4 Nf6 2. c4 g6 3. Nf3 Bg7 4. g3 O-O 5. Bg2 d6 6. Nc3 Nbd7 7. O-O e5 8. e4
exd4 9. Nxd4 Re8 10. Re1 a6 11. h3 Rb8 12. Kh2 Ne5 13. b3 c5 14. Nde2 b5 15.
cxb5 axb5 16. a4 b4 17. Nb5 Neg4+ 18. Kg1 Nxe4 19. Bxe4 Rxe4 20. Qxd6 Bb7 21.
Bf4 Ne5 22. Red1 Qc8 23. Na7 Qxh3 24. Qxb8+ Bf8 25. Rd3 Ng4 26. Be3 Rxe3 0-1

[Event "3rd Al Ain Chess Classic"]
[Site "Al-Ain UAE"]
[Date "2014.12.23"]
[Round "6.29"]
[White "Nandhidhaa, PV"]
[Black "Pourramezanali, Amirreza"]
[Result "1/2-1/2"]
[BlackTitle "IM"]
[WhiteElo "2177"]
[BlackElo "2427"]
[WhiteFideId "5050847"]
[BlackFideId "12511412"]
[EventDate "2014.12.19"]

1. b3 d5 2. e3 e5 3. Bb2 Nd7 4. c4 c6 5. Nf3 e4 6. Nd4 Ngf6 7. Nc3 a6 8. cxd5
cxd5 9. d3 Nc5 10. Be2 Bd6 11. dxe4 Ncxe4 12. Rc1 O-O 13. O-O Qe7 14. Na4 Bd7
15. Nb6 Bxh2+ 16. Kxh2 Qd6+ 17. g3 Qxb6 18. Kg2 Qd6 19. Nf3 Bb5 20. Nh4 Qe6 21.
Bxb5 axb5 22. a3 Ng4 23. Qd4 f6 24. f3 g5 25. fxe4 gxh4 26. exd5 Nxe3+ 27. Kg1
Nxd5 28. Rce1 Qb6 29. Qxb6 Nxb6 30. gxh4 Nd7 31. Rd1 Rf7 32. Rf5 b4 33. axb4 Re8
34. Rfd5 Ne5 35. Bxe5 fxe5 36. Rd8 Rxd8 37. Rxd8+ Kg7 38. Re8 Kf6 39. Kf2 Rc7
40. Rb8 Kf5 41. Kf3 Rc3+ 42. Kg2 Rc7 43. Kf3 Rc3+ 44. Kg2 Rc2+ 45. Kf3 e4+ 46.
Ke3 Rc3+ 47. Ke2 Rh3 48. Rxb7 Rxh4 49. b5 Rh2+ 50. Ke3 Rh3+ 51. Ke2 h5 52. Rh7
Ke5 53. b6 Rxb3 54. Rxh5+ Kd4 55. Rh6 Rb2+ 56. Kd1 Kd3 57. Rd6+ Ke3 58. Kc1 Rb5
59. Kd1 Rb4 60. Kc2 Kf2 61. Kc3 Rb1 62. Kd4 e3 63. Rf6+ Ke2 64. Re6 Rb3 65. Kc5
Kd2 66. Kc6 Rc3+ 67. Kd7 Rd3+ 68. Kc7 Rc3+ 69. Kd7 Rd3+ 1/2-1/2

[Event "3rd Al Ain Chess Classic"]
[Site "Al-Ain UAE"]
[Date "2014.12.23"]
[Round "6.30"]
[White "Mohammed, Tarig Elther"]
[Black "Tologontegin, Semetey"]
[Result "1-0"]
[BlackTitle "FM"]
[WhiteElo "2044"]
[BlackElo "2391"]
[WhiteFideId "12200964"]
[BlackFideId "13800574"]
[EventDate "2014.12.19"]

1. e4 c5 2. Nf3 e6 3. d4 cxd4 4. Nxd4 a6 5. Bd3 Bc5 6. Nb3 Be7 7. Be3 Nf6 8. c4
d6 9. Nc3 Nbd7 10. O-O b6 11. a4 a5 12. Nd4 Bb7 13. f3 O-O 14. Ndb5 Qb8 15. Qd2
Rd8 16. Rfd1 Nc5 17. Bc2 Bc6 18. Bf4 Ne8 19. Qf2 Nd7 20. Rd2 Ne5 21. b3 Bxb5 22.
Nxb5 Nc7 23. Nxd6 Bxd6 24. Rad1 Ne8 25. Bxe5 Bxe5 26. Rxd8 Qxd8 27. Rxd8 Rxd8
28. Kf1 Bd4 29. Qh4 Rd7 30. e5 g6 31. Qe4 Kf8 32. g4 Bc5 33. Ke2 f5 34. exf6
Nxf6 35. Qf4 Kg7 36. g5 Nh5 37. Qe5+ Kg8 38. Qxe6+ Rf7 39. Qe8+ Rf8 40. Qc6 Rd8
41. Qc7 Rd6 42. Qc8+ Kg7 43. Be4 Nf4+ 44. Ke1 Bb4+ 45. Kf2 Rd2+ 46. Kg3 Nh5+ 47.
Kh3 Nf4+ 48. Kh4 Ng2+ 49. Kg4 Ne3+ 50. Kf4 Ng2+ 51. Kg3 Bd6+ 52. f4 Bxf4+ 53.
Kg4 Be5 54. Qb7+ Kf8 55. Bxg2 Rd4+ 56. Be4 Bd6 57. Kf3 Bc5 58. Qxh7 1-0

[Event "3rd Al Ain Chess Classic"]
[Site "Al-Ain UAE"]
[Date "2014.12.23"]
[Round "6.31"]
[White "Lazarev, Vladimir"]
[Black "Hojjatova, Aydan"]
[Result "1/2-1/2"]
[WhiteTitle "GM"]
[BlackTitle "WCM"]
[WhiteElo "2387"]
[BlackElo "2217"]
[WhiteFideId "4113250"]
[BlackFideId "13401491"]
[EventDate "2014.12.19"]

1. d4 d6 2. Nf3 Nf6 3. c4 g6 4. Nc3 Bg7 5. e4 O-O 6. Be2 e5 7. Be3 exd4 8. Nxd4
Re8 9. f3 Nc6 10. Qd2 Nh5 11. O-O Nf4 12. Rfd1 f5 13. Bf1 Nxd4 14. Bxd4 Bxd4+
15. Qxd4 Qg5 16. Kh1 Re5 17. Qd2 fxe4 18. Nxe4 Qf5 19. g3 Ne6 20. Bg2 Ng7 21.
Nc3 Re8 22. f4 Rb8 23. Nd5 Qf7 24. Qd4 Nh5 25. Qxa7 Bg4 26. Re1 c6 27. Ne3 Be6
28. Qd4 Rbd8 29. b3 Nf6 30. Rad1 Ng4 31. Kg1 Nf6 32. h3 d5 33. cxd5 Nxd5 34.
Nxd5 Bxd5 35. Rxe8+ Qxe8 36. Kf2 Rd7 37. Re1 Qf7 38. Bxd5 Rxd5 39. Qe3 Rd8 40.
Re2 Ra8 41. Qc5 Re8 42. Qc4 Ra8 43. Qxf7+ Kxf7 44. Ke3 Ra5 45. Kd3 Rh5 46. h4
Kf6 47. a4 Rc5 48. Ke4 h5 49. Re3 b6 50. Kd4 Rd5+ 51. Ke4 Rc5 52. Rd3 Ke6 53.
Kf3 Kf5 54. Re3 Rc2 55. Rd3 Rc5 56. b4 Rc4 57. Rb3 Re4 58. b5 c5 59. a5 bxa5 60.
b6 Re8 61. Rb5 a4 62. Rxc5+ Kf6 63. Ra5 Rb8 64. Ra6 Kf5 65. Ke3 a3 66. Kd4 Kg4
67. Kc5 Kxg3 68. Rxa3+ Kxh4 69. Kc6 Kg4 70. Ra4 h4 71. f5+ Kxf5 72. Rxh4 g5 73.
Ra4 g4 74. Kc7 Rg8 75. b7 g3 76. Ra2 Kf4 77. b8=Q Rxb8 78. Kxb8 Kf3 79. Kc7 g2
80. Ra1 Kf2 81. Ra2+ Kf1 82. Ra1+ Kf2 83. Kd6 g1=Q 84. Rxg1 Kxg1 1/2-1/2

[Event "3rd Al Ain Chess Classic"]
[Site "Al-Ain UAE"]
[Date "2014.12.23"]
[Round "6.32"]
[White "Morchiashvili, Bachana"]
[Black "Ahmadzada, Ahmad"]
[Result "1-0"]
[WhiteTitle "IM"]
[BlackTitle "CM"]
[WhiteElo "2337"]
[BlackElo "1912"]
[WhiteFideId "13602535"]
[BlackFideId "13413007"]
[EventDate "2014.12.19"]

1. d4 d5 2. Nf3 Nf6 3. c4 c6 4. e3 Bg4 5. Nc3 e6 6. h3 Bxf3 7. Qxf3 Bb4 8. Bd3
O-O 9. O-O Nbd7 10. Qd1 Bd6 11. c5 Bc7 12. b4 e5 13. b5 Qe7 14. bxc6 bxc6 15.
Bd2 Rfb8 16. Qa4 Qe6 17. f4 exd4 18. exd4 Ne4 19. Bxe4 dxe4 20. f5 Qe8 21. Qxc6
e3 22. Rae1 Qc8 23. Nd5 Bh2+ 24. Kxh2 Qxc6 25. Ne7+ 1-0

[Event "3rd Al Ain Chess Classic"]
[Site "Al-Ain UAE"]
[Date "2014.12.23"]
[Round "6.33"]
[White "Ter-Sahakyan, Samvel"]
[Black "Mohannad, Farhan"]
[Result "1-0"]
[WhiteTitle "GM"]
[BlackTitle "FM"]
[WhiteElo "2580"]
[BlackElo "2281"]
[WhiteFideId "13302531"]
[BlackFideId "8100918"]
[EventDate "2014.12.19"]

1. e4 e6 2. d4 d5 3. Nc3 Nf6 4. e5 Nfd7 5. Nce2 b6 6. Nf4 Ba6 7. Bxa6 Nxa6 8.
Nf3 c5 9. c3 Be7 10. Qe2 Nc7 11. h4 h6 12. Rh3 Qc8 13. Rg3 g6 14. h5 g5 15. Nd3
Qa6 16. Nh2 O-O-O 17. Ng4 Nb8 18. Be3 Nc6 19. Rf3 Rhf8 20. Nc1 Qa4 21. Qd1 Qc4
22. Ne2 Kb8 23. Kf1 Ne8 24. b3 Qa6 25. Kg1 f5 26. exf6 Nxf6 27. Nxf6 Bxf6 28.
dxc5 e5 29. cxb6 axb6 30. Rc1 Kb7 31. a4 e4 32. Rg3 Ne5 33. Nd4 Rfe8 34. Nb5 Nd3
35. Rc2 Be5 36. Rh3 Qa8 37. Bd4 Qc8 38. Bxe5 Rxe5 39. Rd2 Qf5 40. Re3 Qf6 41.
Qg4 Qf4 42. Qg3 Nc5 43. c4 Nd3 44. cxd5 Rdxd5 45. Nc3 Qxg3 46. Rxg3 Rc5 47. Nxe4
Rc1+ 48. Kh2 Nf4 49. Re3 Ka6 50. Rd6 Nxh5 51. b4 Ka7 52. Rxh6 Nf4 53. Rh7+ Ka8
54. Nxg5 Rxe3 55. fxe3 Nd5 56. e4 Nxb4 57. e5 Nd5 58. Rd7 Nf4 59. e6 Nxe6 60.
Nxe6 Rc4 1-0

[Event "3rd Al Ain Chess Classic"]
[Site "Al-Ain UAE"]
[Date "2014.12.23"]
[Round "6.34"]
[White "Galojan, Lilit"]
[Black "Petrosyan, Manuel"]
[Result "0-1"]
[WhiteTitle "IM"]
[BlackTitle "FM"]
[WhiteElo "2275"]
[BlackElo "2407"]
[WhiteFideId "13301314"]
[BlackFideId "13300857"]
[EventDate "2014.12.19"]

1. d4 Nf6 2. c4 e6 3. Nc3 Bb4 4. Qc2 Nc6 5. Nf3 d6 6. Bd2 O-O 7. a3 Bxc3 8. Bxc3
a5 9. e3 Re8 10. Rd1 Qe7 11. Be2 e5 12. d5 Nb8 13. b4 axb4 14. axb4 Bg4 15. O-O
Nbd7 16. e4 Bh5 17. Ra1 c6 18. dxc6 bxc6 19. Rxa8 Rxa8 20. Ra1 Rxa1+ 21. Bxa1
Nf8 22. Bc3 Ne6 23. g3 c5 24. Ne1 cxb4 25. Bxh5 bxc3 26. Bf3 Nd4 27. Qxc3 Nxe4
28. Qa3 Nxf3+ 29. Qxf3 Qb7 30. Qe3 h6 31. Qd3 Qc6 32. h4 Nc5 33. Qd1 Ne6 34. Ng2
Nd4 35. Ne3 Qe4 36. Qa4 Qf3 37. Nd1 Kh7 38. Qa1 Qe4 39. Nc3 Nf3+ 40. Kg2 Nxh4+ 0-1

[Event "3rd Al Ain Chess Classic"]
[Site "Al-Ain UAE"]
[Date "2014.12.23"]
[Round "6.35"]
[White "Khademalsharieh, Sarasadat"]
[Black "Nasri, Amin"]
[Result "0-1"]
[WhiteTitle "WGM"]
[WhiteElo "2378"]
[BlackElo "2275"]
[WhiteFideId "12512214"]
[BlackFideId "12501972"]
[EventDate "2014.12.19"]

1. d4 Nf6 2. Nf3 e6 3. c4 Bb4+ 4. Nbd2 O-O 5. a3 Bxd2+ 6. Qxd2 b6 7. e3 Ne4 8.
Qc2 Bb7 9. Be2 f5 10. O-O d6 11. b4 Nd7 12. Bb2 Rf6 13. d5 Rg6 14. Rad1 c5 15.
Ne1 Qh4 16. f3 Rh6 17. fxe4 Qxh2+ 18. Kf2 Qh4+ 19. g3 Qh2+ 20. Ng2 Rf8 21. Bf3
Rh3 22. Ke1 Rxg3 23. Rd2 fxe4 24. Bxe4 exd5 25. cxd5 Ba6 26. Rxf8+ Nxf8 27. Kd1
Qg1+ 0-1

[Event "3rd Al Ain Chess Classic"]
[Site "Al-Ain UAE"]
[Date "2014.12.23"]
[Round "6.36"]
[White "Safranska, Anda"]
[Black "Nakhbayeva, Guliskhan"]
[Result "0-1"]
[WhiteTitle "WGM"]
[BlackTitle "WGM"]
[WhiteElo "2267"]
[BlackElo "2378"]
[WhiteFideId "11600209"]
[BlackFideId "13704788"]
[EventDate "2014.12.19"]

1. g3 c5 2. Bg2 g6 3. e4 Bg7 4. f4 Nc6 5. Nf3 d6 6. O-O Nf6 7. d3 O-O 8. h3 b5
9. Nc3 b4 10. Ne2 a5 11. g4 Ba6 12. Rb1 a4 13. Be3 Rb8 14. Ng3 Nd7 15. Qd2 c4
16. b3 axb3 17. axb3 cxd3 18. cxd3 Nc5 19. Rfc1 Bxd3 20. Rxc5 dxc5 21. Rd1 c4
22. bxc4 b3 23. Qxd3 Qxd3 24. Rxd3 b2 25. Nd2 Na5 26. Nb1 Rfd8 27. Rxd8+ Rxd8
28. Bf3 Nxc4 29. Kf2 Na3 30. Nxa3 Ra8 31. Nf1 Rxa3 32. Nd2 Ra1 33. e5 b1=Q 34.
Nxb1 Rxb1 35. h4 Bf8 36. g5 h5 37. gxh6 Bxh6 38. h5 Rb4 39. Kg3 Rb3 40. Kf2 Rb2+
41. Kg3 gxh5 42. Bxh5 e6 43. Bf3 Rb3 44. Kf2 Ra3 45. Be4 f6 46. exf6 Kf7 47. Ke2
Bf8 48. Bd4 Bd6 49. Bf3 Ra5 50. Ke3 Rf5 51. Bg4 Bxf4+ 52. Ke4 Rd5 53. Bc3 Bc7
54. Be2 Bd8 55. Bd4 Bxf6 56. Be3 Ra5 57. Bc4 Ke7 58. Bb6 Rh5 59. Bf2 Re5+ 60.
Kd3 Rf5 61. Be1 Be5 62. Bd2 Kf6 63. Ke4 Rh5 64. Be1 Rh3 65. Bd3 Bc7 66. Bc3+ e5
67. Bb2 Rh4+ 68. Kd5 Rb4 69. Bc3 Rb3 70. Kc4 Ra3 71. Be4 Kg5 72. Bd2+ Kg4 73.
Kd5 Ra1 74. Be3 Rd1+ 75. Kc4 Bd8 76. Bc2 Re1 77. Bd2 Ra1 78. Bc3 Rc1 79. Kb3 Bc7
80. Bd2 Rf1 81. Bd3 Rf2 82. Be3 Rh2 83. Kc3 Kf3 84. Bc5 e4 85. Ba6 Be5+ 0-1

[Event "3rd Al Ain Chess Classic"]
[Site "Al-Ain UAE"]
[Date "2014.12.23"]
[Round "6.37"]
[White "Raja, Harshit"]
[Black "Mammadova, Gulnar"]
[Result "1-0"]
[BlackTitle "WGM"]
[WhiteElo "2116"]
[BlackElo "2354"]
[WhiteFideId "5089000"]
[BlackFideId "13403508"]
[EventDate "2014.12.19"]

1. e4 g6 2. d4 c6 3. Nf3 Bg7 4. Nc3 d6 5. Be2 Qc7 6. a4 Nd7 7. Be3 Ngf6 8. h3
O-O 9. O-O b6 10. Qd2 a6 11. e5 Nd5 12. Nxd5 cxd5 13. exd6 exd6 14. Bf4 Nf6 15.
Qb4 Ne4 16. c4 a5 17. Qb3 Ba6 18. Rac1 Qd7 19. Bd3 Rfe8 20. cxd5 Bxd3 21. Qxd3
Qf5 22. Bh2 Qxd5 23. Qb5 Qxb5 24. axb5 a4 25. Rc6 Bf8 26. Bf4 Reb8 27. Nd2 Nxd2
28. Bxd2 a3 29. bxa3 Rxa3 30. Rb1 Ra4 31. d5 Bg7 32. Be3 Bd4 33. Rxd6 Re8 34.
Rxb6 Bxb6 35. Bxb6 Rb8 36. Bc7 Rb7 37. d6 Rd4 38. b6 Kf8 39. Re1 h5 40. g3 g5
41. Re7 Rd3 42. Rd7 Kg7 43. Rd8 Kf6 44. Re8 Kg7 45. Rb8 Rxb8 46. Bxb8 Kf6 47.
Bc7 1-0

[Event "3rd Al Ain Chess Classic"]
[Site "Al-Ain UAE"]
[Date "2014.12.23"]
[Round "6.38"]
[White "Abdulov, Orkhan"]
[Black "Praggnanandhaa, R"]
[Result "1-0"]
[WhiteTitle "IM"]
[BlackTitle "FM"]
[WhiteElo "2350"]
[BlackElo "2104"]
[WhiteFideId "13402714"]
[BlackFideId "25059530"]
[EventDate "2014.12.19"]

1. e4 e5 2. Nf3 Nc6 3. Bc4 Be7 4. d4 exd4 5. Nxd4 Ne5 6. Bb3 d6 7. O-O Nf6 8.
Nc3 O-O 9. h3 c5 10. Nf3 b5 11. Nxe5 dxe5 12. Nxb5 Ba6 13. a4 Nxe4 14. Bd5 Nd6
15. Bxa8 Qxa8 16. Nc7 Qc6 17. Nxa6 Qxa6 18. Qd5 Bf6 19. Rd1 Nc8 20. Qxc5 Ne7 21.
Rd6 Qe2 22. Rxf6 gxf6 23. Qxe7 Qe1+ 24. Kh2 Qxf2 25. Bh6 Rc8 26. Rd1 Qb6 27. Rd3
Ra8 1-0

[Event "3rd Al Ain Chess Classic"]
[Site "Al-Ain UAE"]
[Date "2014.12.23"]
[Round "6.39"]
[White "Abdumalik, Zhansaya"]
[Black "Mammadova, Narmin"]
[Result "1-0"]
[WhiteTitle "WGM"]
[BlackTitle "WCM"]
[WhiteElo "2332"]
[BlackElo "2092"]
[WhiteFideId "13703544"]
[BlackFideId "13403710"]
[EventDate "2014.12.19"]

1. e4 e6 2. d4 d5 3. Nc3 Nf6 4. e5 Nfd7 5. f4 c5 6. Nf3 Nc6 7. Be3 Qb6 8. Qd2 c4
9. Be2 a6 10. Qc1 Qc7 11. f5 Be7 12. O-O Nb6 13. a4 Bd7 14. a5 Nc8 15. Bf4 Qd8
16. Qe3 Nb4 17. f6 Nxc2 18. fxe7 Nxe7 19. Qd2 Nxa1 20. Rxa1 Ng6 21. Bg5 Qc7 22.
h4 Bc6 23. Bd1 h6 24. Be3 O-O-O 25. Na4 Bxa4 26. Bxa4 Kb8 27. Qe1 Ne7 28. Bd2
Nc6 29. Rc1 Ka8 30. b3 cxb3 31. Bxc6 bxc6 32. Bb4 g5 33. Bc5 Qb7 34. Bb6 Rc8 35.
h5 Rhf8 36. Nd2 f6 37. Nxb3 fxe5 38. Nc5 Qf7 39. Qe2 exd4 40. Rb1 d3 41. Nxd3
Qf5 42. Rb4 d4 43. Nc5 d3 44. Nxd3 Rcd8 45. Bxd8 Rxd8 46. Ne5 1-0

[Event "3rd Al Ain Chess Classic"]
[Site "Al-Ain UAE"]
[Date "2014.12.23"]
[Round "6.41"]
[White "Mokal, Amruta Sunil"]
[Black "Vijayalakshmi, Subbaraman"]
[Result "1/2-1/2"]
[BlackTitle "IM"]
[WhiteElo "2054"]
[BlackElo "2329"]
[WhiteFideId "5016371"]
[BlackFideId "5004098"]
[EventDate "2014.12.19"]

1. e4 c5 2. Nf3 d6 3. d4 cxd4 4. Nxd4 Nf6 5. Nc3 Bd7 6. Bg5 e6 7. Qd2 h6 8. Bxf6
Qxf6 9. Ndb5 Bxb5 10. Bxb5+ Nc6 11. O-O Be7 12. Rfe1 O-O 13. Bxc6 bxc6 14. e5
dxe5 15. Ne4 Qf4 16. Qd7 Bd8 17. g3 Qf5 18. a4 Rb8 19. Qxc6 Ba5 20. Nd6 Qf6 21.
Re2 Rfd8 22. Nc4 Rbc8 23. Qa6 Bb4 24. Nxe5 Bc5 25. Rae1 Rc7 26. Nd3 Bd6 27. Qb5
g6 28. Ne5 Bxe5 29. Qxe5 Qxe5 30. Rxe5 Rxc2 31. R1e2 Rxe2 32. Rxe2 Rb8 33. Rc2
g5 34. h3 Kg7 35. Rc7 Rxb2 36. Rxa7 h5 37. a5 h4 38. gxh4 gxh4 39. a6 Ra2 40.
Kg2 Ra3 41. Ra8 Kf6 42. Rh8 Rxa6 43. Rxh4 Kf5 44. Rh7 f6 45. Rg7 Kf4 46. Rg4+
Ke5 47. Rb4 f5 48. Rb5+ Kd4 49. Rb4+ Kc5 50. Rb8 Kd5 51. Rb5+ Kd4 52. Rb4+ Ke5
53. Kg3 Ra3+ 54. f3 Kf6 55. Rb6 Ra2 56. Kf4 Ra5 57. Rc6 Ra1 58. Rb6 Ra8 59. Rc6
Rh8 60. Kg3 Ke5 61. f4+ Kf6 62. Rc5 Ra8 63. Re5 Ra3+ 64. Kg2 Rd3 65. Re2 Rd6 66.
Re3 Ra6 67. Kg3 Ra2 68. Kf3 Ra8 69. Kg3 Re8 70. Kf3 Kg6 71. Re1 Kf6 72. Kg3 Ra8
73. Re3 Ra1 74. Kf2 Rd1 75. Kg2 Rd6 76. Kg3 Kg6 77. Kh4 Kf7 78. Kg3 Rd8 79. Kf2
Rg8 80. Kf3 Rg6 81. Kf2 Kf6 82. Ra3 Rh6 83. Re3 Ke7 84. Rd3 Rh8 85. Kg3 Rb8 86.
Kf2 Rb4 87. Kf3 Ra4 88. Re3 Rd4 89. Ra3 Rc4 90. Rd3 Kf7 91. Re3 Rb4 92. Kg3 Rb6
93. Kh4 Ra6 94. Kg3 Rb6 95. Kh4 Rb1 96. Kg3 Rf1 97. Rf3 Re1 98. Ra3 Kg6 99. Ra8
Re3+ 100. Kg2 Kf6 101. Ra7 Kg6 102. Ra8 Kf7 103. Ra7+ Kf6 104. Rb7 Ra3 105. Rc7
Ra6 106. Rc3 e5 107. fxe5+ Kxe5 108. Kf3 Kf6 109. Rc8 Ra3+ 110. Kf4 Ra4+ 111.
Kf3 Rh4 112. Kg3 Rd4 113. Rf8+ Ke6 114. Re8+ Kf7 115. Ra8 Rc4 116. Ra6 1/2-1/2

[Event "3rd Al Ain Chess Classic"]
[Site "Al-Ain UAE"]
[Date "2014.12.23"]
[Round "6.42"]
[White "Pourkashiyan, Atousa"]
[Black "Suhail, Sokari"]
[Result "1-0"]
[WhiteTitle "WGM"]
[WhiteElo "2312"]
[BlackElo "1912"]
[WhiteFideId "12502014"]
[BlackFideId "7604530"]
[EventDate "2014.12.19"]

1. e4 c5 2. Nf3 d6 3. d4 cxd4 4. Nxd4 Nf6 5. Nc3 a6 6. Bc4 e6 7. O-O Be7 8. Bb3
O-O 9. f4 Nbd7 10. Be3 Qc7 11. a4 b6 12. f5 e5 13. Nde2 Bb7 14. Ng3 Rac8 15. Nh5
Kh8 16. Nxf6 Nxf6 17. Qf3 Bd8 18. Rad1 Qc6 19. Nd5 Nxd5 20. Bxd5 Qd7 21. Be6
Qxa4 22. Bxc8 Bxc8 23. Rxd6 Bb7 24. f6 gxf6 25. Rxd8 1-0

[Event "3rd Al Ain Chess Classic"]
[Site "Al-Ain UAE"]
[Date "2014.12.23"]
[Round "6.43"]
[White "Thakur, Akash"]
[Black "Ahmed, Fareed"]
[Result "1-0"]
[WhiteTitle "FM"]
[WhiteElo "2302"]
[BlackElo "1911"]
[WhiteFideId "5008514"]
[BlackFideId "9303677"]
[EventDate "2014.12.19"]

1. d4 d5 2. Nf3 Nf6 3. Bf4 e6 4. e3 Bd6 5. Nbd2 c5 6. Bxd6 Qxd6 7. c3 Nc6 8. Bb5
Bd7 9. Bxc6 Bxc6 10. O-O Nd7 11. c4 dxc4 12. Nxc4 Qd5 13. Rc1 cxd4 14. e4 Qh5
15. Nd6+ Kf8 16. Nxd4 Qxd1 17. Rfxd1 Ke7 18. Nxc6+ bxc6 19. Rxc6 Kf6 20. Rc7 Nb6
21. Rxf7+ Kg6 22. Rd3 Rad8 23. Rg3+ Kh6 24. Rf4 Kh5 25. Rfg4 Rxd6 26. f3 g5 27.
Rxg5+ Kh6 28. f4 1-0

[Event "3rd Al Ain Chess Classic"]
[Site "Al-Ain UAE"]
[Date "2014.12.23"]
[Round "6.44"]
[White "Abtini, Hasan"]
[Black "Abdulla, Khayala"]
[Result "1-0"]
[BlackTitle "WIM"]
[WhiteElo "1987"]
[BlackElo "2299"]
[WhiteFideId "7601506"]
[BlackFideId "13401807"]
[EventDate "2014.12.19"]

1. c4 e5 2. Nc3 Nf6 3. Nf3 Nc6 4. g3 d5 5. cxd5 Nxd5 6. d3 Be7 7. Bg2 Nb6 8. O-O
O-O 9. a3 a5 10. Be3 Be6 11. Rc1 f6 12. Na4 Bd5 13. Nxb6 cxb6 14. Qa4 Ra6 15.
Rfd1 f5 16. Ne1 f4 17. gxf4 exf4 18. Bxf4 Bxg2 19. Nxg2 Nd4 20. Qc4+ Kh8 21. Re1
b5 22. Qc7 Qe8 23. Qxb7 Rg6 24. e3 Ne6 25. Kh1 b4 26. axb4 Bxb4 27. Rg1 Nc5 28.
Qd5 Qe7 29. Rcd1 Rd8 30. Qc4 Qd7 31. d4 Ne4 32. Qe2 Qb5 33. Qf1 Qh5 34. f3 Nd6
35. Ne1 Nf5 36. Rxg6 hxg6 37. Ng2 g5 38. Be5 Bd6 39. Bxd6 Rxd6 40. Qf2 Rh6 41.
h4 gxh4 42. Nf4 Qg5 43. Rc1 h3 44. Rg1 Qf6 45. Nd3 Qc6 46. Ne5 Qc7 47. Qh2 Qb7
48. Qf4 Rf6 49. e4 Nh6 50. Qg3 a4 51. d5 Kh7 52. Nc6 h2 53. Rg2 Qf7 54. Nd4 Qa7
55. Ne6 g6 56. e5 Rxe6 57. dxe6 1-0